00844cam a2200253 a 45000010005000000030008000050050017000130080039000300200015000690350018000840400032001020410008001340820029001421000023001712450128001942600048003223000026003705000028003965000020004245040030004446500031004746510036005056510049005415926BD-RjUL20211208234144.0140108s1981 ctu b 001 0 eng a0313229759 a(BD-RjUL)5965 aDLCcDLCdDLCdBD-RjULbeng aeng00a355.033073219bVAS 19811 aVan Slyck, Philip.10aStrategies for the 1980s :blessons of Cuba, Vietnam, and Afghanistan /cPhilip van Slyck ; foreword by Daniel P. Moynihan. aWestport, Conn. :bGreenwood Press,cc1981. axvi, 108 p. ;c22 cm. a"A Freedom House book." aIncludes index. aBibliography: p. 101-102. 0aWorld politicsy1975-1985. 0aUnited StatesxMilitary policy. 0aUnited StatesxForeign relationsy1977-1981.